Countries with Crafoord Prize Winners - Statistics

General Stats
  • This quiz has been taken 8 times
  • The average score is 12 of 14
Answer Stats
Continent Country % Correct
Oceania Australia
100%
Europe Belgium
100%
North America Canada
100%
Europe France
100%
Europe Germany
100%
North America United States of America
100%
Europe Denmark
88%
Asia Japan
88%
Oceania New Zealand
88%
Europe Sweden
88%
Europe United Kingdom
88%
Europe Finland
75%
Asia/ Europe Russia
75%
Europe Poland
50%
No matching quizzes found
Score Distribution
Percent of People with Each Score
Percentile by Number Answered
Your Score History
You have not taken this quiz